[Event "It"]
[Site "Oakham ENG"]
[Date "2001.03.29"]
[Round "1"]
[White "Pert,N"]
[Black "McNab,C"]
[Result "1/2-1/2"]
[WhiteElo "2455"]
[BlackElo "2403"]
[EventDate "2001.03.29"]

1. d4 d6 2. g3 g6 3. Bg2 Bg7 4. Nf3 Nf6 5. O-O O-O 6. c4 Nbd7 7. Nc3 e5 8.
h3 a6 9. b3 exd4 10. Nxd4 Rb8 11. Bb2 Re8 12. e3 Nc5 13. Qc2 Bd7 14. b4 Ne6
15. Nxe6 Bxe6 16. Ne2 Bf5 17. Qb3 Qc8 18. Kh2 b5 19. c5 Be6 20. Qc2 dxc5
21. bxc5 Bf5 22. Qb3 Be6 23. Qc2 Bf5 24. Qb3 Be6 25. Qc2 1/2-1/2

[Event "It"]
[Site "Oakham ENG"]
[Date "2001.03.31"]
[Round "3"]
[White "McDonald,N"]
[Black "Koneru,H"]
[Result "0-1"]
[WhiteElo "2439"]
[BlackElo "2299"]
[EventDate "2001.03.29"]

1. e4 c6 2. d4 d5 3. Nd2 dxe4 4. Nxe4 Nd7 5. Ng5 Ngf6 6. Bd3 e6 7. N1f3 Bd6
8. Qe2 h6 9. Ne4 Nxe4 10. Qxe4 Nf6 11. Qh4 Ke7 12. Ne5 Bxe5 13. dxe5 Qa5+
14. c3 Qxe5+ 15. Be3 Rd8 16. O-O-O Qh5 17. Qb4+ Ke8 18. c4 b6 19. g4 Qh4
20. Rhg1 c5 21. Qc3 Bb7 22. g5 hxg5 23. Rxg5 Bf3 24. Rdg1 Be4 25. Be2 Bg6
26. Rxg6 fxg6 27. Qc2 Kf8 28. Qxg6 Rd7 29. b3 Rad8 30. Bg4 Re8 31. Bf3 Ree7
32. Kb2 Rf7 33. Ka3 Qh3 34. Bc6 Rd6 35. Ba8 Rd8 36. Bc6 Ng8 37. Be4 Rdd7
38. Rg3 Qh4 39. Qxe6 Rde7 40. Qc8+ Re8 41. Rg4 Qh3 42. Bxc5+ bxc5 43. Qxc5+
Rfe7 44. Rg3 Qc8 45. Qd4 Nf6 46. Bc2 Qa6+ 47. Kb2 Re2 48. a4 Qb6 49. c5 Qe6
50. b4 Rxc2+ 51. Kxc2 Qa2+ 52. Kd3 Qb3+ 53. Kd2 Ne4+ 0-1

[Event "It"]
[Site "Oakham ENG"]
[Date "2001.04.01"]
[Round "4"]
[White "Koneru,H"]
[Black "Gormally,D"]
[Result "1/2-1/2"]
[WhiteElo "2299"]
[BlackElo "2505"]
[EventDate "2001.03.29"]

1. Nf3 Nf6 2. g3 d5 3. Bg2 g6 4. O-O Bg7 5. d4 O-O 6. c4 dxc4 7. Na3 c3 8.
bxc3 c5 9. Bb2 Nc6 10. e3 Bf5 11. Qe2 e5 12. Nc4 e4 13. Nfe5 Nxe5 14. Nxe5
Nd7 15. Nxd7 Qxd7 16. Ba3 cxd4 17. cxd4 Rfc8 18. Rfc1 Qd5 19. Rc2 Rxc2 20.
Qxc2 Rc8 21. Qa4 a6 22. Rc1 Rxc1+ 23. Bxc1 Bf8 24. Qc2 b5 25. a3 a5 26. h3
h5 27. Bf1 Be6 28. Bg2 f5 29. g4 Qc4 30. Qb2 Qb3 31. Qxb3 Bxb3 32. gxf5
gxf5 33. f3 Bc2 34. fxe4 fxe4 35. Kf2 b4 36. axb4 Bxb4 37. Kg3 Bd6+ 38. Kh4
Kf7 39. Kxh5 Kf6 40. Kg4 Bd1+ 41. Kh4 Kf5 42. Bf1 a4 43. Bc4 Bb3 44. Bb5 a3
45. Bd7+ Kf6 46. Bc6 a2 47. Bb2 Kf5 48. Ba1 Be6 49. Bb7 Bh2 50. Bc6 Bg1 51.
d5 Bf2+ 52. Kh5 Bf7+ 53. Kh6 Bxe3+ 54. Kg7 Bh5 55. d6 Bg5 56. Bd7+ Kf4 57.
Be6 e3 58. Bxa2 e2 59. Bc3 Kg3 60. Bc4 Kxh3 1/2-1/2

[Event "It"]
[Site "Oakham ENG"]
[Date "2001.04.01"]
[Round "4"]
[White "McNab,C"]
[Black "Estrada Nieto,J"]
[Result "1/2-1/2"]
[WhiteElo "2403"]
[BlackElo "2372"]
[EventDate "2001.03.29"]

1. c4 e5 2. Nc3 Bb4 3. Qc2 Nc6 4. Nf3 a5 5. b3 d6 6. Bb2 Nge7 7. e3 Bf5 8.
d3 a4 9. a3 axb3 10. Qxb3 Ba5 11. Be2 O-O 12. O-O Kh8 13. Rad1 Bb6 14. Na4
Ba7 15. d4 exd4 16. exd4 Ng6 17. Rfe1 Re8 18. Bc1 1/2-1/2

[Event "It"]
[Site "Oakham ENG"]
[Date "2001.04.01"]
[Round "4"]
[White "McDonald,N"]
[Black "Pert,N"]
[Result "0-1"]
[WhiteElo "2439"]
[BlackElo "2455"]
[EventDate "2001.03.29"]

1. e4 e6 2. d4 d5 3. e5 c5 4. c3 Nc6 5. Nf3 Bd7 6. Be2 Qb6 7. O-O cxd4 8.
cxd4 Nge7 9. Na3 Nf5 10. Nc2 h5 11. Bd3 Nh6 12. b4 a5 13. bxa5 Nxa5 14. Bg5
Qc7 15. Nh4 g6 16. Nxg6 fxg6 17. Bxg6+ Nf7 18. Qf3 Ba4 19. Qf6 Qe7 20. Qxh8
Qxg5 21. Qh7 Qe7 22. Ne3 Nc6 23. f4 Nxd4 24. f5 O-O-O 25. Qxf7 Qg5 26. fxe6
Qxe3+ 27. Kh1 Nc6 28. Rac1 Qa3 29. Bxh5 Kb8 30. Bf3 Be7 31. Qf4 Bb5 32.
Rfd1 Bc4 33. h3 Rf8 34. Qg4 Nxe5 35. Qg3 Bd6 36. e7 Re8 37. Qf2 Nxf3 38.
gxf3 Rxe7 39. Re1 Qxa2 40. Qb6 Qh2+ 0-1

[Event "It"]
[Site "Oakham ENG"]
[Date "2001.04.02"]
[Round "5"]
[White "Estrada Nieto,J"]
[Black "Levitt,J"]
[Result "1/2-1/2"]
[WhiteElo "2372"]
[BlackElo "2438"]
[EventDate "2001.03.29"]

1. e4 e6 2. d4 d5 3. Nd2 c5 4. exd5 Qxd5 5. Ngf3 cxd4 6. Bc4 Qd6 7. O-O Nf6
8. Nb3 Nc6 9. Nbxd4 Nxd4 10. Nxd4 a6 11. Bb3 Bd7 12. c3 Qc7 13. Qf3 Bd6 14.
h3 Be5 15. Bg5 Bxd4 16. cxd4 Bc6 17. Qe3 Nd5 18. Qe5 O-O 19. Bxd5 Qxe5 20.
dxe5 Bxd5 21. a3 1/2-1/2

[Event "It"]
[Site "Oakham ENG"]
[Date "2001.04.03"]
[Round "6"]
[White "Koneru,H"]
[Black "McNab,C"]
[Result "1/2-1/2"]
[WhiteElo "2299"]
[BlackElo "2403"]
[EventDate "2001.03.29"]

1. d4 d6 2. g3 g6 3. Bg2 Bg7 4. Nf3 Nf6 5. O-O O-O 6. Re1 c5 7. dxc5 dxc5
8. Qxd8 Rxd8 9. c3 Nd5 10. Rd1 Nc6 11. Ng5 Nb6 12. Rxd8+ Nxd8 13. Na3 Bg4
14. Kf1 Na4 15. Ne4 Rc8 16. Rb1 Bf5 17. Bd2 Rc6 18. b3 Re6 19. bxa4 Bxe4
1/2-1/2

[Event "It"]
[Site "Oakham ENG"]
[Date "2001.04.05"]
[Round "8"]
[White "McDonald,N"]
[Black "Gormally,D"]
[Result "1/2-1/2"]
[WhiteElo "2439"]
[BlackElo "2505"]
[EventDate "2001.03.29"]

1. Nf3 Nf6 2. g3 g6 3. Bg2 Bg7 4. O-O d5 5. c4 O-O 6. cxd5 Nxd5 7. Nc3 Nb6
8. d3 Nc6 9. Be3 h6 10. Qd2 Kh7 11. Rac1 e5 12. Bc5 Re8 13. Rfd1 Be6 14. b4
Rb8 15. e3 Nd7 16. d4 Nxc5 17. bxc5 exd4 18. exd4 Bg4 19. d5 Bxf3 20. Bxf3
Nd4 21. Bg2 Qe7 22. Ne4 f5 23. d6 Qd8 24. dxc7 Qxc7 25. Nd6 Ne2+ 26. Kh1
Nxc1 27. Nxe8 Rxe8 28. Rxc1 Rd8 29. Qb4 Rd7 30. h4 h5 31. Rb1 1/2-1/2

[Event "It"]
[Site "Oakham ENG"]
[Date "2001.04.06"]
[Round "9"]
[White "McNab,C"]
[Black "McDonald,N"]
[Result "1-0"]
[WhiteElo "2403"]
[BlackElo "2439"]
[EventDate "2001.03.29"]

1. c4 f5 2. g3 Nf6 3. Bg2 g6 4. Nc3 Bg7 5. d3 O-O 6. e4 Nc6 7. Nge2 d6 8.
O-O e5 9. exf5 gxf5 10. f4 Be6 11. Nd5 Qd7 12. Rb1 Rae8 13. b4 Bxd5 14.
cxd5 Nd4 15. Nxd4 exd4 16. h3 Qf7 17. Qf3 Re7 18. Bd2 Rfe8 19. Rbe1 h5 20.
Rxe7 Rxe7 21. Re1 Kh7 22. Kf1 Rxe1+ 23. Bxe1 Qe8 24. Qd1 h4 25. g4 fxg4 26.
hxg4 h3 27. Bh1 Qe3 28. Qf3 h2 29. g5 Qxf3+ 30. Bxf3 Nh5 31. Bd2 Ng3+ 32.
Kf2 h1=Q 33. Bxh1 Nxh1+ 34. Kg2 Kg6 35. a4 c5 36. bxc5 dxc5 37. d6 Bf8 38.
d7 Be7 39. Kxh1 b6 40. Kg2 a6 41. Kg3 Kf5 42. Kh4 Ke6 43. Kh5 Kxd7 44. g6
Bf6 45. f5 Ke8 46. Kh6 1-0

[Event "It"]
[Site "Oakham ENG"]
[Date "2001.04.06"]
[Round "9"]
[White "Gormally,D"]
[Black "Pert,N"]
[Result "1/2-1/2"]
[WhiteElo "2505"]
[BlackElo "2455"]
[EventDate "2001.03.29"]

1. e4 e6 2. d4 d5 3. Nc3 Bb4 4. e5 c5 5. a3 Bxc3+ 6. bxc3 Qa5 7. Bd2 Qa4 8.
Qg4 g6 9. Qd1 b6 10. h4 h5 11. Nf3 Ba6 12. Bd3 Nd7 13. Qb1 Ne7 14. Bxa6
Qxa6 15. a4 Nc6 16. Qb5 Qxb5 17. axb5 Na5 18. Be3 Rc8 19. Kd2 Kf8 20. Kd3
Kg7 21. Nd2 Rc7 22. Ra3 Rhc8 23. Rc1 1/2-1/2